000
00294nam a2200121Ia 4500
005
20251222144752.0
008
251222s9999||||xx |||||||||||||| ||spa||
082
_a
352.007.2/Q23
100
_a
Quevedo Aguilera, Wilberto
245
0
_a
Paradigmas Municipales
264
_b
Grafipel
942
_c
LIB
999
_c
19376
_d
19376